Štatistické metódy v metrologických a skúšobných laboratóriách

Guardado en:
Detalles Bibliográficos
Autor principal: Palenčár, Rudolf
Otros Autores: Ruiz, Jean Michel, Janiga, Ivan, Horníková, Adriana
Formato: Libro
Lenguaje:eslovaco
Publicado: Bratislava Grafické štúdio Ing. Peter Juriga 2001
Materias:
Etiquetas: Agregar Etiqueta
Sin Etiquetas, Sea el primero en etiquetar este registro!

MARC

LEADER 00000nam$a2200000$$$4500
001 0071685
005 20240502071843.4
020 |a 80-968449-3-8 
041 0 |a slo 
044 |a SK 
245 1 0 |a Štatistické metódy v metrologických a skúšobných laboratóriách 
264 1 |a Bratislava  |b Grafické štúdio Ing. Peter Juriga  |c 2001 
300 |a 366 s. 
610 2 0 |a metódy štatistické 
610 2 0 |a metrológia 
610 2 0 |a skúšobníctvo štátne 
100 1 |a Palenčár, Rudolf 
700 1 |a Ruiz, Jean Michel 
700 1 |a Janiga, Ivan 
700 1 |a Horníková, Adriana